Statistiche per Paesi che condividono queste regioni #3

Clicka qui per fare il quiz!

Statistiche generali

  • Questo quiz è stato fatto 86 volte
  • Il punteggio medio è 18 su 24

Statistiche sulle risposte

Regione condivisaPaese% Corretto
CatalognaSpagna
99%
Penisola coreanaCorea del Nord
97%
Penisola coreanaCorea del Sud
97%
CatalognaFrancia
95%
Nuova GuineaPapua Nuova Guinea
88%
Nuova GuineaIndonesia
84%
SlesiaGermania
83%
SlesiaPolonia
83%
EpiroGrecia
80%
EpiroAlbania
78%
SlesiaRepubblica Ceca
78%
LevanteTurchia
78%
HispaniolaHaiti
75%
LevanteSiria
75%
LevanteIsraele
74%
LevanteLibano
71%
HispaniolaRepubblica Dominicana
71%
LevanteEgitto
70%
LevanteGiordania
70%
Lago dei CiudiRussia
70%
LevanteIraq
67%
LevanteCipro
61%
LevantePalestina
50%
Lago dei CiudiEstonia
46%

Distribuzione punteggi

Percentile per numero di risposta

Percentuale di utenti per punteggio

I tuoi punteggi nel tempo

Non hai fatto questo quiz